00557nam a2200169Ia 4500008004100000020001800041041000800059082001600067100002400083245005800107250000600165260005100171300001200222650000900234999001900243952012500262210716s2011 xx 000 0 und d a9788122431308 aeng a332.82 CAIA aCairns, Andrew J G. aInterest rate models: an introduction.bIntroduction. a1 aNew DelhibNew Age International Pvt Ltdc2011 axii,274 aNone c207150d207150 001040708MBAaAIMITbAIMITd2012-02-25g200.00l0o332.82 CAIApMBA09716r2026-05-23 00:00:00v150.00w2021-07-16yBK